=LDR 00000nam 2200000 4500 =001 INLIS000000000054020 =005 20200908074653 =035 ##$$a 0010-0519000082 =007 ta =008 200908################g##########0#ind## =020 ##$$a 979-978-702-980-0 =082 ##$$a 302.206 =084 ##$$a 302.206 AND k =100 #$$a Andre Hardjana =245 1#$$a Komunikasi Organisasi : $b Strategi dan Kompetensi /$c Andre Hardjana =250 ##$$a cet 1 =260 ##$$a Jakarta :$b Kompas Media Nusantara,$c 2016 =300 ##$$a xxii, 186 hlm. : $b ilus. ; $c 21 Cm. =650 #4$$a Komunikasi-Organisasi =700 #$$a Editor,Irwan Suhanda =504 ##$$a Bibliografi : hlm.179-181 Indeks : hlm.182-185 =990 ##$$a 51900094